00736nam a2200217 a 450000100060000000300080000600500170001400800410003102000320007203500190010404000420012304100080016508200260017310000410019924500710024026000580031130000350036950400510040465000200045570000430047569494BD-RjUL20211209081909.0170412s2004 caua b 001 0 eng  a189138905X (acidfree paper) a(BD-RjUL)69706 aDLCcDLCdUKMdGZMdMYGdBD-RjULbeng aeng00a541.369223bMCM 20041 aMcQuarrie, Donald A.q(Donald Allan)10aMolecular thermodynamics /cDonald A. McQuarrie and John D. Simon. aSausalito, Calif. :bUniversity Science Books,c2004. axiii, 656 p. :bill. ;c26 cm. aIncludes bibliographical references and index. 0aThermodynamics.1 aSimon, John D.q(John Douglas),d1957-